| 000 | 00460nam a2200193Ia 4500 | ||
|---|---|---|---|
| 008 | 170918s9999 xx 000 0 und d | ||
| 020 | _a9780590979094 | ||
| 050 | _bC875 1997 | ||
| 100 | _aCowley, Joy | ||
| 245 | _aMouse trap! / | ||
| 245 | _cby Joy Cowley and Linda McClelland. | ||
| 260 | _aNew York : | ||
| 260 | _bScholastic, | ||
| 260 | _c1997 | ||
| 300 | _a30 pages : | ||
| 300 | _bcolored illustration ; | ||
| 300 | _c22cm. | ||
| 500 | _a250 | ||
| 999 |
_c342898 _d342898 |
||